| 000 | 01471nam a2200361 a 4500 | ||
|---|---|---|---|
| 001 | ebr10392799 | ||
| 003 | CaPaEBR | ||
| 006 | m u | ||
| 007 | cr cn||||||||| | ||
| 008 | 980806s1998 enka sb 001 0 eng | ||
| 010 | _z 98061246 | ||
| 020 | _z0761953868 | ||
| 020 | _z0761953876 (pbk.) | ||
| 020 | _z9780761953869 | ||
| 020 | _z9780857026156 (e-book) | ||
| 040 |
_aCaPaEBR _cCaPaEBR |
||
| 035 | _a(OCoLC)646066590 | ||
| 050 | 1 | 4 |
_aPN4714.A1 _bG68 1998eb |
| 082 | 0 | 4 |
_a070.4/35 _221 |
| 245 | 0 | 4 |
_aThe globalization of news _h[electronic resource] / _cedited by Oliver Boyd-Barrett and Terhi Rantanen. |
| 260 |
_aLondon ; _aThousand Oaks : _bSage Publications, _c1998. |
||
| 300 |
_a230 p. : _bill. |
||
| 504 | _aIncludes bibliographical references and index. | ||
| 505 | 0 | _apt. 1. News agencies as agents of globalization -- pt. 2. News agencies in the furnace of political transition -- pt. 3. Defining news : contestation and construction. | |
| 533 |
_aElectronic reproduction. _bPalo Alto, Calif. : _cebrary, _d2013. _nAvailable via World Wide Web. _nAccess may be limited to ebrary affiliated libraries. |
||
| 650 | 0 | _aNews agencies. | |
| 650 | 0 | _aForeign news. | |
| 655 | 7 |
_aElectronic books. _2local |
|
| 700 | 1 | _aBoyd-Barrett, Oliver. | |
| 700 | 1 | _aRantanen, Terhi. | |
| 710 | 2 | _aebrary, Inc. | |
| 856 | 4 | 0 |
_uhttp://site.ebrary.com/lib/rucke/Doc?id=10392799 _zAn electronic book accessible through the World Wide Web; click to view |
| 999 |
_c89045 _d89045 |
||